La Universidad Nacional de Educación a Distancia : su implantación y desarrollo inicial /

Guardat en:
Dades bibliogràfiques
Autor principal: García Garrido, Manuel J. (autor)
Format: Llibre
Idioma:espanyol
Publicat: Barcelona, España : CEAC, 1976, c1976
Matèries:
Etiquetes: Afegir etiqueta
Sense etiquetes, Sigues el primer a etiquetar aquest registre!

MARC

LEADER 00000nam^a2200000^a^4500
001 000002119
005 20250521000000.0
009 20260310083136.665
020 |a 84-329-9105-8 
037 |a Acervo ITESO - Biblioteca 
041 |a ESP 
082 |a 378.  |b GAR 
100 |a García Garrido, Manuel J.  |e (autor) 
245 1 3 |a La Universidad Nacional de Educación a Distancia :  |b su implantación y desarrollo inicial /  |c M.J. García Garrido. 
264 4 |a Barcelona, España :  |b CEAC,  |c 1976, c1976 
300 |a 278 p. 
336 |a texto  |b txt  |2 rdacontenido 
337 |a sin mediación  |b n  |2 rdamedio 
338 |a volumen  |b nc  |2 rdasoporte 
649 |a XX 
650 |a Educación Abierta -  |z España 
650 |a Educación Superior -  |z España 
910 |a Fondo General 
920 |a Impresos - Libros 
930 |a Colección General 
905 |a 101 
901 |a 0021190100  |b IT1  |c ACC  |i 002119  |u 20250521 
902 |a https://opac.biblio.iteso.mx/vufind/Record/000002119